| 000 | 00459nam a22001697a 4500 | ||
|---|---|---|---|
| 005 | 20221018034205.0 | ||
| 008 | 221018b |||||||| |||| 00| 0 eng d | ||
| 020 | _a0-373-11612-8 | ||
| 082 | _aFic. H217 1992 | ||
| 100 |
_aHamilton, Diana _eauthor |
||
| 245 |
_aA honeyed seduction / _cDiana Hamilton |
||
| 260 |
_aToronto: _bHarlequin Books, _cc1992. |
||
| 300 | _a186p. | ||
| 541 | _e5477 | ||
| 650 | _aMan-woman relationships - Fiction | ||
| 650 | _aLove stories | ||
| 999 |
_c60 _d60 |
||